zpět

Detail výsledku týmu

Spirit Bar - Žižkov, Praha

Datum a čas kvízu

29.5 Celkem bodů Celkový počet nahraných bodů na tomto kvízu bez doplňovacích otázek.
10. Pořadí na kvízu Konečné umístění týmu na tomto kvízu.

Zaznamenané odpovědi

# Otázka Odpověď Body Výsledky
1. Čtvrt roku byli na cestě a ura... D) Velorex 0
2. Minulý týden se na internetu o... vysokozdvižný vozík (ještěrku) 0
3. Při oslavě osmistého výročí ji... v Hradci Králové 1
4. Finská firma Bluefors uzavřela... na Měsíci 0
5. Švédský atletický fenomén Arma... 630 cm 0
6. Ve spolupráci s Radou Evropy j... 1D 2C 3A 4B 1
7. Co znamená maďarské slovo hétf... pondělí 0
8. Jak se jmenuje autonomní oblas... Vojvodina 0
9. Která z těchto knih nebyla nap... B 1
10. Pozoruhodným jazykem je velšti... slunéčko (beruška) 0